[Event "SVK-ch U12 Girls"]
[Site "Stara Lubovna"]
[Date "2014.04.12"]
[Round "7"]
[White "Ferkova, Dominika"]
[Black "Rudinska, Veronika"]
[Result "1/2-1/2"]
[WhiteElo "1599"]
[BlackElo "1338"]
[PlyCount "133"]
[EventDate "2014.04.05"]
[EventType "swiss"]
[EventRounds "7"]
[EventCountry "SVK"]
[SourceTitle "EXT 2016"]
[Source "ChessBase"]
[SourceDate "2015.10.08"]
[SourceVersion "1"]
[SourceVersionDate "2015.10.08"]
[SourceQuality "1"]

1. d4 d5 2. c4 e6 3. Nc3 Nf6 4. cxd5 exd5 5. Bg5 Be7 6. e3 Be6 7. Bd3 c6 8. h3 h6 9. Bh4 Bc8 10. Nf3 Ne4 11. Bxe7 Qxe7 12. 0-0 Bf5 13. Qc2 Nd7 14. Nd2 Ndf6 15. Rfe1 Qe6 16. f3 Nd6 17. e4 dxe4 18. fxe4 Bg6 19. e5 Bxd3 20. Qxd3 0-0 21. exf6 Qxf6 22. Rf1 Qh4 23. Nf3 Qg3 24. Rae1 f6 25. Ne5 Qg5 26. Nd7 Rfe8 27. Nc5 Qh4 28. N5e4 Nxe4 29. Rxe4 Rxe4 30. Qxe4 Qxe4 31. Nxe4 Re8 32. Re1 Kf8 33. Kf2 b6 34. Nc3 Rd8 35. Ne2 Kf7 36. Rc1 Rd6 37. Rd1 c5 38. d5 g5 39. Nc3 a6 40. g4 Kg6 41. Ne4 Rd7 42. Ng3 b5 43. Nf5 h5 44. d6 a5 45. Re1 b4 46. Re7 Rxe7 47. dxe7 Kf7 48. Ke3 hxg4 49. hxg4 a4 50. b3 c4 51. Kd2 cxb3 52. axb3 a3 53. Kc2 Ke8 54. Kb1 Kd7 55. Ka2 Ke8 56. Nd4 Kxe7 57. Nc6+ Ke6 58. Nxb4 f5 59. gxf5+ Kxf5 60. Nd3 g4 61. Nf2 g3 62. Nh3 g2 63. b4 Kg4 64. Ng1 Kg3 65. b5 Kf2 66. b6 Kxg1 67. b7 1/2-1/2

[Event "SVK-ch U12 Girls"]
[Site "Stara Lubovna"]
[Date "2014.04.10"]
[Round "5"]
[White "Miklasova, Emma"]
[Black "Rudinska, Veronika"]
[Result "1/2-1/2"]
[WhiteElo "1615"]
[BlackElo "1338"]
[PlyCount "112"]
[EventDate "2014.04.05"]
[EventType "swiss"]
[EventRounds "7"]
[EventCountry "SVK"]
[SourceTitle "EXT 2016"]
[Source "ChessBase"]
[SourceDate "2015.10.08"]
[SourceVersion "1"]
[SourceVersionDate "2015.10.08"]
[SourceQuality "1"]

1. d4 d5 2. c4 e6 3. Nc3 Nf6 4. cxd5 Nxd5 5. e4 Nf6 6. Bg5 Be7 7. Nf3 0-0 8. e5 Nd5 9. Nxd5 exd5 10. Bxe7 Qxe7 11. Bd3 Nc6 12. Qb3 Qb4+ 13. Qc3 Qe7 14. a3 f6 15. 0-0 fxe5 16. dxe5 Bg4 17. Rfe1 Bxf3 18. gxf3 Qg5+ 19. Kh1 Kh8 20. Bb5 d4 21. Qc1 Qxc1 22. Raxc1 Rxf3 23. Bxc6 bxc6 24. Kg2 Raf8 25. Re2 R3f7 26. e6 Re7 27. Rxc6 g5 28. Rd2 Rd8 29. Rc4 Kg8 30. Rcxd4 Rxd4 31. Rxd4 Rxe6 32. Rd7 Rc6 33. Kg3 h6 34. Re7 Kf8 35. Re3 Kf7 36. Kg2 Kg6 37. Re5 Kf6 38. Re3 h5 39. Kg3 h4+ 40. Kf3 Kf5 41. h3 Rc4 42. Rb3 Rf4+ 43. Ke3 c6 44. Rc3 Re4+ 45. Kf3 Re6 46. Rc5+ Kg6 47. Ra5 Rf6+ 48. Kg2 Rf7 49. Ra6 Rc7 50. b4 Kh5 51. f3 c5 52. bxc5 Rxc5 53. Rxa7 Rc2+ 54. Kg1 Rc1+ 55. Kf2 Rc2+ 56. Kg1 Rc1+ 1/2-1/2